Daniel entre los leones / (Record no. 190475)

MARC details
000 -LEADER
campo de control de longitud fija 00775nam a2200217 c 4500
001 - NÚMERO DE CONTROL
campo de control 190475
003 - IDENTIFICADOR DE NÚMERO DE CONTROL
campo de control ES-MaACL
005 - FECHA Y HORA DE LA ÚLTIMA TRANSACCIÓN
campo de control 20240111191217.0
008 - DATOS DE LONGITUD FIJA--INFORMACIÓN GENERAL
campo de control de longitud fija 210405s2018 sp 001 f spa
020 ## - NÚMERO INTERNACIONAL ESTÁNDAR DEL LIBRO
Número Internacional Estándar del Libro 978-84-9194-355-6
080 ## - NÚMERO DE LA CLASIFICACIÓN DECIMAL UNIVERSAL
Número de la Clasificación Decimal Universal 821.134.2-31"19"
100 1# - ENTRADA PRINCIPAL--NOMBRE DE PERSONA
Nombre de persona Miguel Blázquez, Mario de (
Fechas asociadas al nombre 1949-)
9 (RLIN) 171229
245 10 - MENCIÓN DEL TÍTULO
Título Daniel entre los leones /
Mención de responsabilidad, etc. Mario de Miguel Blázquez.
250 ## - MENCION DE EDICION
Mención de edición 1ª ed.
260 ## - PUBLICACIÓN, DISTRIBUCIÓN, ETC.
Lugar de publicación, distribución, etc. [El Ejido, (Almería)] :
Nombre del editor, distribuidor, etc. Círculo Rojo,
Fecha de publicación, distribución, etc. 2018.
300 ## - DESCRIPCIÓN FÍSICA
Extensión 225 p. ;
Dimensiones 21 cm.
852 4# - LOCALIZACIÓN
Ubicación ES-MaACL
Número de control de estantería A-14680
itemnumber 197652
Sublocalización o colección R.152349
Ubicación en estantería Depósito 1
Signatura antigua Olim: N-7680
Anotaciones manuscritas Dedicatoria autógrafa del autor
Donativo/Legado Donación: Mario de Miguel Blázquez
903 ## - NOMBRE PERSONAL DE DONANTE
9 171229
a Miguel Blázquez, Mario de (
d 1949-)
e Donante
942 ## - ELEMENTOS DE ENTRADA SECUNDARIOS (KOHA)
Fuente del sistema de clasificación o colocación Clasificación decimal universal
Tipo de ítem Koha Libro impreso
Holdings
Estatus retirado Estado de pérdida Fuente del sistema de clasificación o colocación Estado de daño No para préstamo Colección Biblioteca de origen Biblioteca actual Ubicación en estantería Fecha de adquisición Fuente de adquisición Total de préstamos Signatura topográfica completa Código de barras Visto por última vez Precio de reemplazo Tipo de ítem Koha Nota pública
    Clasificación decimal universal     Libros con dedicatorias Biblioteca del Ateneo de Madrid Biblioteca del Ateneo de Madrid Depósito 1 05/04/2021 Donación   A-14680 1202501 23/02/2023 23/02/2023 Libro impreso Dedicatoria autógrafa del autor